The State of welfare : the welfare state in Britain since 1974 /

Saved in:
书目详细资料
其他作者: Barr, N. A., Hills, John.
格式: 图书
语言:English
出版: Oxford : New York : Clarendon Press ; Oxford University Press, 1990.
主题:
标签: 添加标签
没有标签, 成为第一个标记此记录!
LEADER 01781nam a2200337 a 4500
001 002004681-2
005 20020606093309.7
008 910315s1990 enka bs 00100 eng
010 |a  90007648  
020 |a 0198233051 :  |c £35.00 (est.) 
035 0 |a ocm25676543 
035 1 |a MAHL91B1977 
035 1 |z NYCG91B2859 
040 |a DLC  |c DLC  |d MH-L 
043 |a e-uk--- 
050 0 0 |a HV245  |b .S72 1990 
082 0 0 |a 361.6/5/094109047  |2 20 
245 0 4 |a The State of welfare :  |b the welfare state in Britain since 1974 /  |c Nicholas Barr ... [et al.] ; John Hills, editor. 
260 0 |a Oxford :  |b Clarendon Press ;  |a New York :  |b Oxford University Press,  |c 1990. 
300 |a xvi, 395 p. :  |b ill. ;  |c 24 cm. 
504 |a Includes bibliographical references (p. [363]-381) and index. 
505 0 |a Social policy since the Second World War / Howard Glennerster -- Education and the welfare state : does it add up? / Howard Glennerster, William Low -- The national health service : safe in whose hands? / Julian Le Grand, David Winter, Frances Woolley -- Housing : a decent home for all at a price within their means? / John Hills, Beverley Mullings -- The personal social services : èveryone's poor relation but nobody's baby' / Maria Evandrou, Jane Falkingham, Howard Glennerster -- Social security : solution or problem? / Nicholas Barr, Fiona Coulter -- The state of welfare / Julian Le Grand. 
650 0 |a Public welfare  |z Great Britain. 
650 0 |a Welfare state. 
651 0 |a Great Britain  |x Social policy. 
650 2 |a Social Welfare  |x history. 
700 1 |a Barr, N. A. 
700 1 |a Hills, John. 
776 0 8 |i Online version:  |t State of welfare.  |d Oxford : Clarendon Press ; New York : Oxford University Press, 1990  |w (OCoLC)764532877 
988 |a 20020608 
906 |0 DLC